00370nam a2200133Ia 4500008004100000020001500041041001200056082001600068100001800084245008200102250000800184260002500192650001900217221030s9999 xx 000 0 und d a0070530718 aEnglish a105.23bSim aG. F. Simmons 0aDifferential Equations with Applications & Historical Notescby G. F. Simmons a2nd bTMHaNew Delhic2005 aBE Mathematics